<?xml version="1.0" encoding="UTF-8"?>
<collection xmlns="http://www.loc.gov/MARC21/slim">
 <record>
  <leader>01795nam a22003617a 4500</leader>
  <controlfield tag="001">000030236</controlfield>
  <controlfield tag="003">CZ-PrVSE</controlfield>
  <controlfield tag="005">20190926075608.0</controlfield>
  <controlfield tag="007">ta</controlfield>
  <controlfield tag="008">010724s1931    gw     fr     000 0 ger d</controlfield>
  <datafield tag="020" ind1=" " ind2=" ">
   <subfield code="q">(Váz.)</subfield>
  </datafield>
  <datafield tag="040" ind1=" " ind2=" ">
   <subfield code="a">ABA006</subfield>
   <subfield code="b">cze</subfield>
   <subfield code="c">ABA006</subfield>
   <subfield code="d">ABA006</subfield>
  </datafield>
  <datafield tag="080" ind1=" " ind2=" ">
   <subfield code="a">330.342.14</subfield>
  </datafield>
  <datafield tag="080" ind1=" " ind2=" ">
   <subfield code="a">330.14</subfield>
  </datafield>
  <datafield tag="099" ind1=" " ind2="9">
   <subfield code="a">330.1HAR</subfield>
  </datafield>
  <datafield tag="245" ind1="0" ind2="0">
   <subfield code="a">Kapital und Kapitalismus :</subfield>
   <subfield code="b">Vorlesungen gehalten in der Deutschen Vereinigung für Staatswissenschaftliche Fortbildung. Band erster /</subfield>
   <subfield code="c">im Nahmen des Vorstandes der Vereinigung herausgegeben von Bernhard Harms</subfield>
  </datafield>
  <datafield tag="260" ind1=" " ind2=" ">
   <subfield code="a">Berlin :</subfield>
   <subfield code="b">Reimar Hobbing,</subfield>
   <subfield code="c">1931</subfield>
  </datafield>
  <datafield tag="300" ind1=" " ind2=" ">
   <subfield code="a">2 sv. (513; viii, 511 s.)</subfield>
   <subfield code="b">il.</subfield>
  </datafield>
  <datafield tag="650" ind1="0" ind2="7">
   <subfield code="a">kapitalismus</subfield>
   <subfield code="7">ph121442</subfield>
   <subfield code="2">czenas</subfield>
  </datafield>
  <datafield tag="650" ind1="0" ind2="7">
   <subfield code="a">kapitál</subfield>
   <subfield code="7">ph121445</subfield>
   <subfield code="2">czenas</subfield>
  </datafield>
  <datafield tag="655" ind1=" " ind2="7">
   <subfield code="a">učebnice</subfield>
   <subfield code="7">fd133770</subfield>
   <subfield code="2">czenas</subfield>
  </datafield>
  <datafield tag="650" ind1="0" ind2="9">
   <subfield code="a">capitalism</subfield>
   <subfield code="2">eczenas</subfield>
  </datafield>
  <datafield tag="650" ind1="0" ind2="9">
   <subfield code="a">capital</subfield>
   <subfield code="2">eczenas</subfield>
  </datafield>
  <datafield tag="655" ind1=" " ind2="9">
   <subfield code="a">textbooks</subfield>
   <subfield code="2">eczenas</subfield>
  </datafield>
  <datafield tag="700" ind1="1" ind2=" ">
   <subfield code="a">Harms, Bernhard,</subfield>
   <subfield code="d">1876-1939</subfield>
   <subfield code="7">vse2008449723</subfield>
   <subfield code="4">edt</subfield>
  </datafield>
  <datafield tag="910" ind1=" " ind2=" ">
   <subfield code="a">ABA006</subfield>
   <subfield code="b">F70037/I-II</subfield>
   <subfield code="s">Bd. 1-2</subfield>
   <subfield code="t">v</subfield>
  </datafield>
  <datafield tag="993" ind1=" " ind2=" ">
   <subfield code="a">008995772</subfield>
  </datafield>
  <datafield tag="996" ind1=" " ind2=" ">
   <subfield code="1">PDPZ2</subfield>
   <subfield code="3">F45584</subfield>
   <subfield code="4">PC=12832/59</subfield>
   <subfield code="5">3142356279</subfield>
   <subfield code="7">Erster Band</subfield>
   <subfield code="8">20211108</subfield>
   <subfield code="b">1</subfield>
   <subfield code="f">95</subfield>
   <subfield code="h">Erster Band</subfield>
   <subfield code="l">UEP01</subfield>
   <subfield code="m">BOOK</subfield>
   <subfield code="q">Knihovna Žižkov depoz. 2</subfield>
   <subfield code="t">prezenční - lze objednat</subfield>
   <subfield code="u">UEP01</subfield>
   <subfield code="w">20211108</subfield>
  </datafield>
  <datafield tag="996" ind1=" " ind2=" ">
   <subfield code="1">PDPZ2</subfield>
   <subfield code="3">F45584</subfield>
   <subfield code="4">PC=12833/59</subfield>
   <subfield code="5">3142356280</subfield>
   <subfield code="7">Zweiter Band</subfield>
   <subfield code="8">20211108</subfield>
   <subfield code="b">2</subfield>
   <subfield code="f">95</subfield>
   <subfield code="h">Zweiter Band</subfield>
   <subfield code="l">UEP01</subfield>
   <subfield code="m">BOOK</subfield>
   <subfield code="q">Knihovna Žižkov depoz. 2</subfield>
   <subfield code="t">prezenční - lze objednat</subfield>
   <subfield code="u">UEP01</subfield>
   <subfield code="w">20211108</subfield>
  </datafield>
  <datafield tag="996" ind1=" " ind2=" ">
   <subfield code="1">PDPZ2</subfield>
   <subfield code="3">F70037/I</subfield>
   <subfield code="4">PC=13686/59</subfield>
   <subfield code="5">3142137431</subfield>
   <subfield code="7">sv. 1</subfield>
   <subfield code="8">20030807</subfield>
   <subfield code="9">330.1HAR</subfield>
   <subfield code="b">1</subfield>
   <subfield code="f">95</subfield>
   <subfield code="h">sv. 1</subfield>
   <subfield code="l">UEP01</subfield>
   <subfield code="m">BOOK</subfield>
   <subfield code="q">Knihovna Žižkov depoz. 2</subfield>
   <subfield code="t">prezenční - lze objednat</subfield>
   <subfield code="u">UEP01</subfield>
   <subfield code="w">20030918</subfield>
  </datafield>
  <datafield tag="996" ind1=" " ind2=" ">
   <subfield code="1">PDPZ2</subfield>
   <subfield code="3">F70037/II</subfield>
   <subfield code="4">N:náhrada</subfield>
   <subfield code="5">3142331719</subfield>
   <subfield code="7">sv. 2</subfield>
   <subfield code="8">20190925</subfield>
   <subfield code="9">330.1HAR</subfield>
   <subfield code="b">2</subfield>
   <subfield code="f">95</subfield>
   <subfield code="h">sv. 2</subfield>
   <subfield code="l">UEP01</subfield>
   <subfield code="m">BOOK</subfield>
   <subfield code="q">Knihovna Žižkov depoz. 2</subfield>
   <subfield code="t">prezenční - lze objednat</subfield>
   <subfield code="u">UEP01</subfield>
   <subfield code="w">20190926</subfield>
  </datafield>
 </record>
</collection>
